000 00450nam a22001817a 4500
003 CEME
005 20210628201754.0
008 210201b xxu||||| |||| 00| 0 eng d
020 _a0-340-86798-1
040 _c.
082 _a401.4 HUN
100 _aHunt, Martin
_956759
245 _aTeach yourself english vocabulary
260 _aUK
_bISLAMIC PUBLICATIONS
_c2004
300 _a265P
650 _aENGLISH VOCABULARY
_956760
942 _cBK
_2ddc
999 _c567113
_d567113